[Event "BL2-Sued 2122"]
[Site "Germany"]
[Date "2022.06.19"]
[Round "8.3"]
[White "Kvetny, Mark"]
[Black "Martin, Julian"]
[Result "0-1"]
[WhiteElo "2421"]
[BlackElo "2372"]
[PlyCount "58"]
[EventDate "2022.03.05"]
[EventType "team-tourn"]
[EventRounds "10"]
[EventCountry "GER"]
[SourceTitle "EXT 2023"]
[Source "ChessBase"]
[SourceDate "2022.10.05"]
[SourceVersion "1"]
[SourceVersionDate "2022.10.05"]
[SourceQuality "1"]
[WhiteTeam "Stuttgart"]
[BlackTeam "Baden-Baden II"]
[WhiteTeamCountry "GER"]
[BlackTeamCountry "GER"]

1. e4 c5 2. Nf3 d6 3. Bb5+ Nd7 4. 0-0 Ngf6 5. Re1 a6 6. Bxd7+ Bxd7 7. c3 Bc6 8. d4 Bxe4 9. Bg5 Bc6 10. Bxf6 gxf6 11. d5 Bd7 12. Nbd2 Qc7 13. a4 0-0-0 14. b4 e6 15. Nc4 Bh6 16. bxc5 dxc5 17. d6 Qc6 18. Rb1 Bf4 19. g3 b5 20. axb5 axb5 21. Na3 Qa6 22. gxf4 Rhg8+ 23. Kh1 Bc6 24. Re3 Qxa3 25. c4 Qa2 26. cxb5 Qxf2 27. Qf1 Qxf1+ 28. Rxf1 Bd5 29. Rc1 c4 0-1

[Event "Bundesliga 2122"]
[Site "Germany"]
[Date "2022.04.30"]
[Round "5.5"]
[White "Martin, Julian"]
[Black "Hess, Max"]
[Result "0-1"]
[WhiteElo "2388"]
[BlackElo "2392"]
[PlyCount "120"]
[EventDate "2022.03.05"]
[EventType "team-tourn"]
[EventRounds "15"]
[EventCountry "GER"]
[SourceTitle "EXT 2023"]
[Source "ChessBase"]
[SourceDate "2022.10.05"]
[SourceVersion "1"]
[SourceVersionDate "2022.10.05"]
[SourceQuality "1"]
[WhiteTeam "Baden-Baden"]
[BlackTeam "Berlin SF"]
[WhiteTeamCountry "GER"]
[BlackTeamCountry "GER"]

1. e4 c6 2. d4 d5 3. e5 Bf5 4. Nf3 e6 5. Be2 Ne7 6. Nbd2 h6 7. 0-0 Bh7 8. a4 Ng6 9. a5 Nf4 10. Nb3 Nxe2+ 11. Qxe2 Be7 12. Ne1 0-0 13. Nd3 Nd7 14. Ndc5 Qc7 15. Nxd7 Qxd7 16. Be3 b6 17. c4 dxc4 18. Qxc4 Be4 19. Nd2 Bd5 20. Qc3 bxa5 21. Nc4 Bb4 22. Qc2 Rfb8 23. Nxa5 Bxg2 24. Kxg2 Qd5+ 25. Kg1 Bxa5 26. Rfc1 Rc8 27. Ra4 Rab8 28. Rc4 Rb5 29. Rc5 Rxc5 30. Qxc5 Qxc5 31. Rxc5 Bb4 32. Rc4 a5 33. Kf1 Kh7 34. Ke2 Kg6 35. Bd2 Bxd2 36. Kxd2 Kf5 37. Kc3 Ke4 38. Ra4 Ra8 39. Kc4 Rb8 40. Kc3 Rb5 41. Ra1 g5 42. b3 Kf3 43. Rg1 Kxf2 44. Rg3 Rb4 45. Rh3 g4 46. Rxh6 Ke3 47. Rf6 Rxd4 48. Rxf7 Rd3+ 49. Kc4 Rd2 50. Kc5 Rxh2 51. Kd6 g3 52. Kxe6 Re2 53. Kd7 g2 54. Rg7 Kf2 55. Rf7+ Ke1 56. Rg7 Kf1 57. Rf7+ Rf2 58. Rg7 g1Q 59. Rxg1+ Kxg1 60. Kxc6 Rb2 0-1

[Event "Reykjavik Kvika op"]
[Site "Reykjavik"]
[Date "2022.04.09"]
[Round "5"]
[White "Martin, Julian"]
[Black "Warmerdam, Max"]
[Result "0-1"]
[WhiteElo "2385"]
[BlackElo "2599"]
[PlyCount "76"]
[EventDate "2022.04.06"]
[EventType "swiss"]
[EventRounds "9"]
[EventCountry "ISL"]
[SourceTitle "CBM 207 Extra"]
[Source "ChessBase"]
[SourceDate "2022.05.31"]
[SourceVersion "1"]
[SourceVersionDate "2022.05.31"]
[SourceQuality "1"]

1. e4 c5 2. Nf3 d6 3. d4 cxd4 4. Nxd4 Nf6 5. Nc3 Nc6 6. g3 g6 7. Nde2 Bg7 8. Bg2 Bd7 9. 0-0 Qc8 10. Nd5 h5 11. h4 Nxd5 12. exd5 Ne5 13. c3 0-0 14. Bg5 Bg4 15. f3 Bh3 16. b3 Qc5+ 17. Kh2 Bf5 18. Qd2 Rfe8 19. Rad1 b5 20. Be3 Qc7 21. Nd4 Bd7 22. Bg1 a5 23. Kh1 f5 24. f4 Ng4 25. Rfe1 Bf6 26. Rc1 a4 27. c4 bxc4 28. Rxc4 Qb7 29. b4 a3 30. Rec1 Rac8 31. Rxc8 Rxc8 32. Rxc8+ Qxc8 33. Nc6 Qa6 34. Qc2 Kh7 35. Nb8 Qa4 36. Qe2 Qb5 37. Qxb5 Bxb5 38. Nc6 Bc4 0-1

[Event "Reykjavik Kvika op"]
[Site "Reykjavik"]
[Date "2022.04.07"]
[Round "2"]
[White "Bartelt, Max Peter"]
[Black "Martin, Julian"]
[Result "0-1"]
[WhiteElo "1949"]
[BlackElo "2385"]
[PlyCount "90"]
[EventDate "2022.04.06"]
[EventType "swiss"]
[EventRounds "9"]
[EventCountry "ISL"]
[SourceTitle "CBM 207 Extra"]
[Source "ChessBase"]
[SourceDate "2022.05.31"]
[SourceVersion "1"]
[SourceVersionDate "2022.05.31"]
[SourceQuality "1"]

1. d4 Nf6 2. Bg5 d5 3. Bxf6 exf6 4. e3 Be6 5. g3 Nd7 6. Bg2 Bd6 7. Ne2 0-0 8. 0-0 c6 9. b3 b5 10. Qd3 Nb6 11. Nf4 Bxf4 12. exf4 Qd7 13. Nd2 Bf5 14. Qc3 Qd6 15. Qc5 Qxc5 16. dxc5 Nd7 17. c4 Nxc5 18. cxb5 cxb5 19. Nb1 Bxb1 20. Raxb1 Ne4 21. Rbd1 Nc3 22. Rd3 Rac8 23. Kh1 Rfd8 24. Rc1 d4 25. Rc2 Rd6 26. b4 g6 27. h4 f5 28. h5 Kg7 29. Bf3 Ne4 30. Re2 Rc3 31. Rxc3 dxc3 32. Rc2 Rd3 33. Kg2 a6 34. g4 Kf6 35. Rc1 Ke6 36. hxg6 hxg6 37. Bd1 Rd2 38. Bb3+ Ke7 39. Rc2 fxg4 40. a4 g3 41. axb5 axb5 42. Kf3 gxf2 43. Rc1 f5 44. Kg2 Re2 45. Rc2 Nd2 0-1